South Eastern Kenya University

Library Online Public Access Catalogue


AIDS agenda : (Record no. 6335)

MARC details
000 -LEADER
fixed length control field 00610cam a2200193 a 4500
020 ## - ISBN
International Standard Book Number 1565840011 (cloth) :
Terms of availability $29.95
020 ## - ISBN
International Standard Book Number 156584002X (special ed. for ACLU distribution)
050 00 - LIBRARY OF CONGRESS CALL NUMBER
Classification Number RA644.A25
Item Number A33 1992
245 00 - TITLE
Title AIDS agenda :
Remainder of title emerging issues in civil rights /
Statement of responsibility, etc edited by Nan D. Hunter and William B. Rubenstein.
250 ## - EDITIONSTATEMENT
Edition statement 1st ed.
260 ## - PUBLICATION, DISTRIBUTION, ETC.(IMPRINT)
Place of publication, distribution, etc New York :
Name of publisher, distributor, etc New Press,
Date of publication, distribution, etc c1992.
300 ## - PHYSICAL DESCRIPTION
Extent xv, 301 p. ;
650 #0 - SUBJECT--TOPIC
General subdivision Law and legislation
650 #0 - SUBJECT--TOPIC
General subdivision Social aspects
650 #0 - SUBJECT--TOPIC
General subdivision Government policy
700 1# - ADDED ENTRY--PERSONAL AUTHOR
Personal Name Hunter, Nan D.
700 1# - ADDED ENTRY--PERSONAL AUTHOR
Personal Name Rubenstein, William B.
942 ## - ADDED ENTRY ELEMENTS(KOHA)
Source of classification or shelving scheme Library of Congress Classification
Koha item type General circulation
Holdings
Source of classification or shelving scheme Not for loan Location (home branch) Sublocation (holding branch) Shelving location Date accessioned Full call number Barcode Koha item type Public note
Library of Congress Classification   Main Campus Library Main Campus Library   20/07/2015 RA644.A25 A33 1992 2015/003628 General circulation amm
Kitui, Kenya.
+254736116989
library@seku.ac.ke